000 00603nam a22001817a 4500
999 _c15725
_d15725
008 201112b ||||| |||| 00| 0 eng d
020 _a9-71085789-4 (pbk)
082 _21995
_aDFil 351.1
_b L57
100 _a Leveriza, Jose P.
_934982
245 _aPersonnel administration in the government/
_cJose P. Leveriza
250 _a2nd ed.
260 _aMandaluyong City:
_bNational Book Store,
_c©1995.
300 _axiii, 243 pages;
_c 23 cm.
500 _aIncludes index.
650 _aPersonnel management.
_942537
650 _aCivil service -- Personnel management.
_942538
942 _2ddc
_cDFIL